000 00562nmm a2200193Ia 4500
008 251105s9999||||xx |||||||||||||||||und||
020 _a9788433901712
041 _aspa
100 _aNothomb, Amélie
245 0 _aPrimera sangre
264 _a[Madrid, España] :
_bEditorial Anagrama,
_c[Fecha de publicación no identificada]
300 _a0 páginas
490 _aPanorama de narrativas
650 _aLiterature
700 _aNothomb, Amélie
700 1 _a Pàmies, Sergi
856 _uhttps://public.digitaliapublishing.com/a/124302
942 _cCF
999 _c69411
_d69411